书目信息 |
| 题名: |
高等数学扩充模块
|
|
| 作者: | 武汉水利电力大学数学物理系《高等数学扩充模块》编写组 编 | |
| 分册: | ||
| 出版信息: | 武汉 武汉水利电力大学出版社 1999.05 |
|
| 页数: | 333页 | |
| 开本: | 32开 | |
| 丛书名: | ||
| 单 册: | ||
| 中图分类: | O29 | |
| 科图分类: | ||
| 主题词: | 应用数学 , 数学--应用 | |
| 电子资源: | ||
| ISBN: | 7-81063-019-9 | |
| 000 | 00757nam0 2200205 45 | |
| 001 | 0011111552 | |
| 005 | 20001111152536.6 | |
| 010 | @a7-81063-019-9@d12.80元 | |
| 100 | @a20001111d1999 km y0chiy0120 ea | |
| 101 | 0 | @achi |
| 105 | @a z 000yy | |
| 200 | 1 | @a高等数学扩充模块@AGao Deng Shu Xue Kuo Chong Mo Kuai@f武汉水利电力大学数学物理系《高等数学扩充模块》编写组编@FWu Han Shui Li Dian Li Da Xue Shu Xue Wu Li Xi《Gao Deng Shu Xue Kuo Chong Mo Kuai》Bian Xie Zu Bian |
| 210 | @a武汉@c武汉水利电力大学出版社@d1999.05 | |
| 215 | @a333页@d32开 | |
| 606 | 0 | @a应用数学 |
| 606 | 0 | @a数学@x应用 |
| 690 | @aO29@v3 | |
| 701 | 0 | @a武汉水利电力大学数学物理系《高等数学扩充模块》编写组@4编 |
| 801 | @aCN@bPftUser@c20001111 | |
| 905 | @b401815-817@dO29@eW:784@f3 | |
| 高等数学扩充模块/武汉水利电力大学数学物理系《高等数学扩充模块》编写组编.-武汉:武汉水利电力大学出版社,1999.05 |
| 333页;32开 |
| ISBN 7-81063-019-9:12.80元 |
| ● |
| 相关链接 |
|
|
|
正题名:高等数学扩充模块
索取号:O29/W:784
 
预约/预借
| 序号 | 登录号 | 条形码 | 馆藏地/架位号 | 状态 | 备注 |
| 1 | 401815 | 204018151 | 自科二线504/504自科库 36排1列4层/ [索取号:O29/W:784] | 在馆 | |
| 2 | 401816 | 204018160 | 数理学院资料室/ [索取号:O29/W:784] | 在馆 | |
| 3 | 401817 | 204018179 | 数理学院资料室/ [索取号:O29/W:784] | 在馆 |